The Impact of domestic violence in children: (Record no. 3802)

000 -LEADER
fixed length control field 00457nam a22001457a 4500
003 - CONTROL NUMBER IDENTIFIER
control field OSt
005 - DATE AND TIME OF LATEST TRANSACTION
control field 20170329102401.0
008 - FIXED-LENGTH DATA ELEMENTS--GENERAL INFORMATION
fixed length control field 170329b xxu||||| |||| 00| 0 eng d
050 ## - LIBRARY OF CONGRESS CALL NUMBER
Classification number KF9320.C43 2016
100 ## - MAIN ENTRY--PERSONAL NAME
Personal name Chaudhry, Iram
245 ## - TITLE STATEMENT
Title The Impact of domestic violence in children:
Remainder of title Making a case for the amendment of the protection against domestic violence act 2015
Statement of responsibility, etc Iram Chaudhry
260 ## - PUBLICATION, DISTRIBUTION, ETC. (IMPRINT)
Place of publication, distribution, etc Nairobi
Date of publication, distribution, etc 2016
300 ## - PHYSICAL DESCRIPTION
Extent 86 p.
942 ## - ADDED ENTRY ELEMENTS (KOHA)
Source of classification or shelving scheme
Koha item type Research Project
Holdings
Withdrawn status Lost status Source of classification or shelving scheme Damaged status Not for loan Home library Current library Shelving location Date acquired Total Checkouts Full call number Barcode Date last seen Price effective from Koha item type
          Riara University Library Riara University Library Special Collection 29/03/2017   RUSC KF9320.C43 2016 8917/17 29/03/2017 29/03/2017 Research Project

Riara University Library,
P.O. Box 49940-00100,
Nairobi, Kenya.